| 000 | 00000cas 2200000zi 4500 |
| 001 | 9.942632 |
| 003 | CaOODSP |
| 005 | 20260123105402 |
| 006 | m o d f |
| 007 | cr cn |||||||| |
| 008 | 240829c20249999onctr p o f0 a0eng|d |
| 022 | |a2818-9043 |
| 040 | |aCaOODSP|beng|erda|cCaOODSP |
| 043 | |an-cn--- |
| 086 | 1 |aT91-11E-PDF |
| 110 | 1 |aCanada. |bHousing, Infrastructure and Communities Canada, |eauthor, |eissuing body. |
| 222 | 0|aQuarterly financial report for the quarter ended ... |b(Canada. Housing, Infrastructure and Communities Canada) |
| 245 | 10|aQuarterly financial report for the quarter ended ... / |cHousing, Infrastructure and Communities Canada (HICC). |
| 264 | 1|a[Ottawa] : |bHousing, Infrastructure and Communities Canada (HICC), |c[2024]- |
| 310 | |aThree times a year |
| 362 | 1 |aBegan with: September 30, 2024. |
| 500 | |aIssued also in French under title: Rapport financier trimestriel pour le trimestre terminé le ... |
| 588 | |aDescription based on: September 30, 2024; title from PDF caption. |
| 588 | |aLatest issue consulted: September 30, 2024. |
| 610 | 10|aCanada. |bHousing, Infrastructure and Communities Canada|vPeriodicals. |
| 650 | 0|aFinance, Public|zCanada|vPeriodicals. |
| 655 | 7|aPeriodicals|2lcgft |
| 775 | 08|tRapport financier trimestriel pour le trimestre terminé le ... / |w(CaOODSP)9.942633 |
| 780 | 00|tQuarterly financial report for the quarter ended ... / |w(CaOODSP)9.916048 |